000 00469cam a22001934a 4500
005 20250605164321.0
008 250528s ||||||||||||||||||||||||d
035 _a22902
020 _a9781861521934
040 _aGR-AtMCL
_bgre
_dGR-AtMCL
_eAACR2
245 1 _aORGANIZATION AND MANAGEMENT / A CRITICAL TEXT
250 _a1
260 _bBusiness Press,
_c2000
300 _a245
700 1 _aBarry Jim
_92754
942 _cBK
999 _c7946
_d7946